| 000 | 00648nam a2200205 i 4500 | ||
|---|---|---|---|
| 001 | bg | ||
| 245 | 0 | 0 |
_aMicrosoft SQL Server 7.0 Resource Kit : _b[techniczny przewodnik do implementacji, konfiguracji i administrowania Microsoft SQL Server 7.0 / _cMicrosoft Press ; przekł. z ang. John Catlow]. |
| 260 |
_aWarszawa : _bAPN PROMISE, _c1999. |
||
| 300 |
_aVIII, 666 s. ; _c24 cm + _eCD ROM. |
||
| 504 | _aIndeks. | ||
| 650 | 9 | _aSQL | |
| 655 | _aPodręczniki | ||
| 020 | _a8391059286 | ||
| 040 | _cBPK | ||
| 041 | 1 |
_apl _hen |
|
| 080 | _a004.438(07)SQL | ||
| 920 | _a83-910592-8-6 | ||
| 942 | _cKS | ||
| 008 | s pl f |000 0 pol | ||
| 999 |
_c36348 _d36348 |
||
| 856 |
_uhttp://koha.tu.koszalin.pl/cgi-bin/koha/opac-detail.pl?biblionumber=36348 _yKatalog online BPK |
||